| 000 | 00439nam a2200157Ia 4500 | ||
|---|---|---|---|
| 008 | 210210b2002 xxu||||| |||| 00| 0 eng d | ||
| 020 | _a0 07 099425 0 | ||
| 082 | _a519.72 LOOL | ||
| 100 | _aLOOMBA (N Paul). | ||
| 245 | _aLinear programming: an introductory analysis. | ||
| 260 |
_aNew Delhi. _bTata McGraw-Hill Publishing Company Ltd. _c2002 |
||
| 300 | _axvi,284 | ||
| 650 | _aLP | ||
| 690 | _aLinear Programming | ||
| 906 | _a057622 | ||
| 999 |
_c104968 _d104968 |
||